[Event "East Lansing (MOR/6)"]
[Site "?"]
[Date "1991.??.??"]
[Round "?"]
[White "Hunt, D."]
[Black "Aldrich, Justin"]
[Result "1-0"]
[WhiteElo "1605"]
[BlackElo "1605"]
[PlyCount "35"]
[EventDate "1991.??.??"]

1. e4 e5 2. d4 Nf6 3. Nc3 exd4 4. Qxd4 Nc6 5. Qd1 Bb4 6. Nf3 Bxc3+ 7. bxc3 Nxe4
8. Bb2 O-O 9. Bc4 Nc5 10. O-O Na4 11. Ba3 Nxc3 12. Qd3 Qf6 13. Rae1 Na5 14.
Bxf8 Kxf8 15. Bxf7 Kxf7 16. Qxh7 Nxa2 17. Qh8 d6 18. Qe8# 1-0

[Event "East Lansing (MOR/3)"]
[Site "?"]
[Date "1991.??.??"]
[Round "?"]
[White "Hubbell, W."]
[Black "Vangilder, W."]
[Result "1/2-1/2"]
[WhiteElo "1605"]
[BlackElo "1605"]
[PlyCount "73"]
[EventDate "1991.??.??"]

1. d4 d5 2. c4 e6 3. Nf3 Nf6 4. e3 Nbd7 5. Be2 c6 6. Nc3 Be7 7. O-O Qc7 8. Bd3
O-O 9. Re1 Re8 10. e4 dxe4 11. Nxe4 Nxe4 12. Bxe4 Nf6 13. Bg5 Nxe4 14. Rxe4
Bxg5 15. Nxg5 f6 16. Nh3 e5 17. Qh5 Bxh3 18. Qxh3 exd4 19. Rae1 Rxe4 20. Rxe4
Rd8 21. Qe6+ Qf7 22. Kf1 d3 23. Ke1 Qxe6 24. Rxe6 Kf7 25. Re3 f5 26. Kd2 Kf6
27. Rxd3 Re8 28. Rd7 Re4 29. Rxb7 Rxc4 30. Rxa7 Rd4+ 31. Kc3 c5 32. a4 Rd1 33.
Kc2 Rd6 34. Kc3 Rd8 35. Kc2 Rd6 36. Kc3 Rd1 37. Kc2 1/2-1/2

[Event "East Lansing (MOR/6)"]
[Site "?"]
[Date "1991.??.??"]
[Round "?"]
[White "Hubbell, W."]
[Black "Hill, M."]
[Result "0-1"]
[WhiteElo "1605"]
[BlackElo "1605"]
[PlyCount "58"]
[EventDate "1991.??.??"]

1. d4 d5 2. c4 Nf6 3. e3 e6 4. Nc3 c5 5. Nf3 Nc6 6. Be2 Be7 7. O-O O-O 8. a3
dxc4 9. Bxc4 Nd5 10. e4 Nxc3 11. bxc3 cxd4 12. cxd4 Qc7 13. e5 Na5 14. Bd3 Rd8
15. Bxh7+ Kxh7 16. Ng5+ Bxg5 17. Qh5+ Bh6 18. Bxh6 gxh6 19. Rac1 Qe7 20. Rc5 b6
21. Rc3 Rxd4 22. Rfc1 Re4 23. f3 Rh4 24. Rc7 Bd7 25. Rxd7 Qxd7 26. Qxh4 Nb3 27.
Re1 Qd4+ 28. Qxd4 Nxd4 29. Rc1 Ne2+ 0-1

[Event "East Lansing (MOR/1)"]
[Site "?"]
[Date "1991.??.??"]
[Round "?"]
[White "Hubbell, W."]
[Black "Carpenter, George"]
[Result "0-1"]
[WhiteElo "1605"]
[BlackElo "1605"]
[PlyCount "68"]
[EventDate "1991.??.??"]

1. c3 Nf6 2. d4 d5 3. Bg5 Nbd7 4. e3 c6 5. Bd3 h6 6. Bf4 g5 7. Bg3 Ne4 8. Ne2
Nxg3 9. Nxg3 Nf6 10. O-O h5 11. Nd2 h4 12. Ne2 Qc7 13. h3 Ng4 14. Nf3 f6 15.
hxg4 h3 16. g3 Bxg4 17. Nh2 Bh5 18. Qc2 O-O-O 19. Bf5+ Kb8 20. Bxh3 Bxe2 21.
Qxe2 Rxh3 22. Qg4 Qc8 23. Kg2 Rxh2+ 24. Kf3 Qxg4+ 25. Kxg4 Bg7 26. Kf5 Rdh8 27.
g4 Kc7 28. a4 Kd6 29. b3 e6+ 30. Kg6 Ke7 31. Kxg7 R8h7+ 32. Kg8 f5 33. f3 Kf6
34. Rac1 Rh8# 0-1

[Event "Detroit (HPO/2/22)"]
[Site "?"]
[Date "1991.??.??"]
[Round "?"]
[White "Howard, W."]
[Black "Peak, F."]
[Result "0-1"]
[WhiteElo "1605"]
[BlackElo "1920"]
[PlyCount "68"]
[EventDate "1991.??.??"]

{2/(22)} 1. e4 c5 2. Nf3 Nc6 3. c3 d6 4. d4 cxd4 5. cxd4 e6 6. Nc3 Nf6 7. Bd3
Be7 8. a3 O-O 9. Be3 Bd7 10. O-O a6 11. Rc1 Rc8 12. Qd2 Na5 13. Qc2 h6 14. e5
dxe5 15. dxe5 Nd5 16. Bd2 Nc4 17. Nxd5 exd5 18. Bc3 Bg4 19. Qe2 Bg5 20. Ra1 Re8
21. Bxc4 Rxc4 22. Qd3 Bxf3 23. Qxf3 d4 24. Qe4 b5 25. f4 dxc3 26. Qf3 Rxf4 27.
Qxc3 Qd4+ 28. Qxd4 Rxd4 29. Rae1 Rd2 30. b4 Rc8 31. Rc1 Rxc1 32. Rxc1 Rxg2+ 33.
Kxg2 Bxc1 34. Kf3 Bxa3 0-1

[Event "Detroit (HPO/5/29)"]
[Site "?"]
[Date "1991.??.??"]
[Round "?"]
[White "Howard, W."]
[Black "Imai, Toshio"]
[Result "0-1"]
[WhiteElo "1605"]
[BlackElo "1705"]
[PlyCount "94"]
[EventDate "1991.??.??"]

{5/(29)} 1. e4 e5 2. Nf3 Nc6 3. Bc4 Nf6 4. Nc3 Bc5 5. O-O d6 6. Be2 Bg4 7. Na4
Nxe4 8. d3 Nf6 9. Nxc5 dxc5 10. Bg5 h6 11. Be3 Qe7 12. Re1 Rd8 13. c3 O-O 14.
Rc1 e4 15. Nh4 Bxe2 16. Qxe2 exd3 17. Qd2 Ng4 18. Nf5 Qf6 19. Nxh6+ gxh6 20.
Bxc5 Rfe8 21. Rxe8+ Rxe8 22. Qxd3 b6 23. Qd7 Qe6 24. Qxe6 Rxe6 25. Ba3 Re2 26.
h3 Nxf2 27. Kf1 Rd2 28. Re1 Nd3 29. Re3 Nce5 30. b3 c5 31. Bc1 Rxa2 32. Rg3+
Kh7 33. Be3 f5 34. Bxh6 Kxh6 35. Rg8 Kh7 36. Rg5 Rf2+ 37. Kg1 Kh6 38. Rg8 f4
39. Re8 Rb2 40. Re6+ Kg5 41. Re7 a5 42. Rg7+ Kf6 43. Rh7 Rxb3 44. h4 Kg6 45.
Rb7 Rb1+ 46. Kh2 Ng4+ 47. Kh3 Ndf2# 0-1

[Event "Detroit (HPO/5/36)"]
[Site "?"]
[Date "1991.??.??"]
[Round "?"]
[White "Houston, Ryan"]
[Black "Walker, Anthony"]
[Result "1-0"]
[WhiteElo "1605"]
[BlackElo "1605"]
[PlyCount "125"]
[EventDate "1991.??.??"]

{5/(36)} 1. e4 e5 2. Nf3 Nc6 3. Bb5 Nf6 4. Bxc6 dxc6 5. d3 Bc5 6. Nc3 Bg4 7. h3
Bxf3 8. Qxf3 O-O 9. O-O Qd6 10. Qg3 Nh5 11. Qg4 Nf4 12. Bxf4 exf4 13. Ne2 Rad8
14. Qxf4 Qd7 15. Rad1 Qd6 16. Qxd6 Bxd6 17. d4 Be7 18. c3 c5 19. dxc5 Rxd1 20.
Rxd1 Bxc5 21. b4 Bd6 22. f3 b6 23. a4 Rd8 24. Kf1 a5 25. bxa5 bxa5 26. e5 Be7
27. Rxd8+ Bxd8 28. Kf2 Kf8 29. Ke3 Ke7 30. Ke4 g6 31. c4 c5 32. g4 g5 33. Ng3
Ke6 34. Nh5 Bc7 35. f4 gxf4 36. Nxf4+ Kd7 37. Kd5 Bb6 38. e6+ fxe6+ 39. Nxe6
Ke7 40. h4 Bd8 41. Nxc5 Kf8 42. Ne6+ Ke8 43. Nxd8 Kxd8 44. Kc5 Ke7 45. Kb5 h6
46. Kxa5 Kd6 47. g5 hxg5 48. hxg5 Ke6 49. c5 Kf5 50. c6 Kxg5 51. c7 Kf5 52.
c8=R Ke6 53. Kb6 Kd7 54. Rc1 Kd6 55. a5 Kd5 56. a6 Kd4 57. a7 Kd3 58. a8=R Kd2
59. Rc7 Kd3 60. Rd8+ Ke4 61. Re7+ Kf3 62. Rf8+ Kg4 63. Rg7+ 1-0

[Event "Detroit (HPO/3/38)"]
[Site "?"]
[Date "1991.??.??"]
[Round "?"]
[White "Houston, Ryan"]
[Black "Sturgis, Derreck"]
[Result "1-0"]
[WhiteElo "1605"]
[BlackElo "1605"]
[PlyCount "45"]
[EventDate "1991.??.??"]

{3/(38)} 1. e4 e5 2. Nf3 Nf6 3. Nxe5 Nxe4 4. Qe2 Qe7 5. Qxe4 Qf6 6. Ng6+ Be7 7.
Nxh8 Nc6 8. Bc4 Na5 9. Bxf7+ Qxf7 10. Nxf7 Kxf7 11. O-O Nc6 12. Qf5+ Bf6 13.
Qxh7 b5 14. d3 d5 15. Bh6 Bxb2 16. Bxg7 Ke8 17. Qg8+ Ke7 18. Re1+ Kd7 19. Qe6+
Kd8 20. Bf6+ Bxf6 21. Qxf6+ Kd7 22. Qe6+ Kd8 23. Qe8# 1-0

[Event "Ann Arbor (HVA/1/8)"]
[Site "?"]
[Date "1991.??.??"]
[Round "?"]
[White "Houston, Ryan"]
[Black "Smalec, John"]
[Result "0-1"]
[WhiteElo "1605"]
[BlackElo "1795"]
[PlyCount "119"]
[EventDate "1991.??.??"]

{1/(8)} 1. e4 e6 2. d4 d5 3. exd5 exd5 4. Qe2+ Be6 5. Nc3 Bb4 6. Bd2 Nf6 7. Nf3
Nc6 8. O-O-O Bxc3 9. Bxc3 Ne4 10. Qe3 a6 11. Bd3 Nxc3 12. bxc3 Qe7 13. Kd2
O-O-O 14. Ng5 h6 15. Nxe6 fxe6 16. Rde1 Rhf8 17. Qxe6+ Qxe6 18. Rxe6 Rxf2+ 19.
Re2 Rdf8 20. Rhe1 Kd7 21. g4 Kd6 22. Bf5 Rxe2+ 23. Rxe2 Rf6 24. h3 Ne7 25. Bd3
Rf3 26. Re3 Rf2+ 27. Ke1 Rf6 28. c4 Re6 29. Rxe6+ Kxe6 30. Ke2 g5 31. Ke3 Kf6
32. cxd5 Nxd5+ 33. Kd2 Nf4 34. Bf1 Ke6 35. c4 c6 36. Ke3 b5 37. h4 b4 38. hxg5
hxg5 39. Kd2 a5 40. Kc2 Kd6 41. Kb3 Ne6 42. Ka4 Nxd4 43. Kxa5 Kc5 44. Ka4 Nf3
45. Bg2 Ne5 46. Kb3 Nxg4 47. Bxc6 Kxc6 48. Kxb4 Ne5 49. Kc3 Kc5 50. Kd2 Kxc4
51. Ke3 g4 52. Kf4 Kb4 53. Kg3 Ka3 54. Kf4 Kxa2 55. Kg3 Kb2 56. Kf4 Kc2 57. Ke3
Kd1 58. Kf2 Kd2 59. Kg3 Ke2 60. Kh2 0-1

[Event "Detroit (HPO/1/19)"]
[Site "?"]
[Date "1991.??.??"]
[Round "?"]
[White "Houston, Ryan"]
[Black "Hendricks, Marcus"]
[Result "0-1"]
[WhiteElo "1605"]
[BlackElo "1990"]
[PlyCount "63"]
[EventDate "1991.??.??"]

{1/(19)} 1. e4 c5 2. Nf3 Nf6 3. Nc3 d5 4. Bb5+ Bd7 5. Bxd7+ Qxd7 6. exd5 Nxd5
7. Nxd5 Qxd5 8. O-O Nc6 9. Re1 e6 10. c3 Be7 11. d4 cxd4 12. Nxd4 Nxd4 13. Qxd4
Qxd4 14. cxd4 Rd8 15. Be3 Bf6 16. Rac1 Ke7 17. b3 b6 18. Rc7+ Rd7 19. Rxd7+
Kxd7 20. Rd1 Kd6 21. Kf1 Rc8 22. Bf4+ Kd5 23. Rd2 Bxd4 24. Be3 e5 25. f4 Ke4
26. Bxd4 exd4 27. Kf2 d3 28. g3 Rc2 29. Ke1 Ke3 30. Rxd3+ Kxd3 31. Kf1 Rxa2 32.
Kg1 0-1

[Event "Ann Arbor (HVA/510)"]
[Site "?"]
[Date "1991.??.??"]
[Round "?"]
[White "Houston, Ryan"]
[Black "Christiansen, G."]
[Result "1-0"]
[WhiteElo "1605"]
[BlackElo "1605"]
[PlyCount "115"]
[EventDate "1991.??.??"]

1. e4 e5 2. Nf3 Nc6 3. b3 Bc5 4. Bb2 d6 5. Nc3 Nf6 6. Bc4 Bg4 7. h3 Bh5 8. g4
Bg6 9. Qe2 Nd4 10. Qd3 Bxe4 11. Nxe4 d5 12. Nxf6+ Qxf6 13. Nxd4 Bxd4 14. Bxd4
dxc4 15. Qe3 O-O-O 16. Bc3 Rhe8 17. bxc4 Qc6 18. O-O Qxc4 19. f3 f6 20. Qe4
Qc5+ 21. Qe3 Qa3 22. Rfb1 Qa6 23. Qe4 c6 24. Qxh7 Re7 25. Qe4 b5 26. f4 Qb6+
27. Kg2 Kb7 28. fxe5 fxe5 29. Re1 Rf8 30. Qe3 Qxe3 31. Rxe3 e4 32. Rae1 Ref7
33. Kg1 Rf3 34. Rxf3 exf3 35. Kf2 g6 36. Re3 Kc7 37. Rxf3 Rxf3+ 38. Kxf3 g5 39.
Bf6 Kd6 40. Bxg5 Ke6 41. Kf4 a5 42. Ke4 c5 43. d3 b4 44. Be3 a4 45. Bxc5 b3 46.
axb3 axb3 47. cxb3 Kf6 48. b4 Kg5 49. b5 Kh4 50. b6 Kxh3 51. b7 Kxg4 52. b8=Q
Kh3 53. Qf8 Kg2 54. Bg1 Kh3 55. Qg8 Kh4 56. Kf5 Kh3 57. Kf4 Kh4 58. Qh8# 1-0

[Event "East Lansing (MOR/3)"]
[Site "?"]
[Date "1991.??.??"]
[Round "?"]
[White "Houston, Ryan"]
[Black "Caron, L."]
[Result "1-0"]
[WhiteElo "1605"]
[BlackElo "1605"]
[PlyCount "83"]
[EventDate "1991.??.??"]

1. e4 c5 2. Nf3 Nc6 3. Nc3 g6 4. Bc4 Nf6 5. d3 Bg7 6. O-O O-O 7. Be3 e5 8. Bxc5
d6 9. Be3 a6 10. d4 b5 11. Bd3 exd4 12. Nxd4 Nxd4 13. Bxd4 Nd7 14. Bxg7 Kxg7
15. Re1 Ne5 16. f3 Bb7 17. a3 d5 18. exd5 Bxd5 19. Rxe5 Qb6+ 20. Kf1 Bc6 21.
Be4 Rad8 22. Qe2 f6 23. Re6 Rfe8 24. Rxc6 Qb8 25. g3 Rd6 26. Rxd6 Qxd6 27. Qd3
Qxd3+ 28. Bxd3 Re3 29. f4 f5 30. b4 Re8 31. Rc1 Rc8 32. Nxb5 axb5 33. Bxb5 Rc3
34. a4 Kf7 35. a5 Rc7 36. c4 Ke7 37. Kf2 Kd8 38. Rd1+ Kc8 39. Bd7+ Rxd7 40.
Rxd7 Kxd7 41. b5 Kc7 42. a6 1-0

[Event "East Lansing (MOR/5)"]
[Site "?"]
[Date "1991.??.??"]
[Round "?"]
[White "Houston, Ryan"]
[Black "Bohnhorst, B."]
[Result "0-1"]
[WhiteElo "1605"]
[BlackElo "1605"]
[PlyCount "96"]
[EventDate "1991.??.??"]

1. e4 c6 2. Nf3 d5 3. Bd3 Bg4 4. h3 Bxf3 5. Qxf3 e6 6. b3 Bd6 7. Bb2 Ne7 8. e5
Bc7 9. O-O Nd7 10. Qg3 g6 11. c4 Nb6 12. cxd5 Nbxd5 13. Nc3 Nb4 14. Bc4 Qxd2
15. Rab1 Qd8 16. Rfd1 Qb8 17. Ne4 Nbd5 18. Bxd5 Nxd5 19. Qg5 O-O 20. Nf6+ Kg7
21. h4 h6 22. Qg3 Nxf6 23. exf6+ Kh7 24. Qd3 Be5 25. Bxe5 Qxe5 26. Qd4 Qxd4 27.
Rxd4 Rad8 28. Rbd1 Rd5 29. g4 Rfd8 30. Rxd5 Rxd5 31. Rxd5 cxd5 32. Kg2 g5 33.
h5 e5 34. Kf3 Kg8 35. Ke3 Kf8 36. Kd3 b5 37. a4 b4 38. Ke3 Ke8 39. f3 Kd7 40.
Kd3 Ke6 41. Ke3 Kxf6 42. Kd3 Ke6 43. Ke3 f5 44. gxf5+ Kxf5 45. a5 g4 46. a6 Kg5
47. fxg4 Kxg4 48. Kd3 Kxh5 0-1

[Event "East Lansing (MOR/6)"]
[Site "?"]
[Date "1991.??.??"]
[Round "?"]
[White "Houston, Ryan"]
[Black "Ashman, Brad"]
[Result "1-0"]
[WhiteElo "1605"]
[BlackElo "1605"]
[PlyCount "58"]
[EventDate "1991.??.??"]

1. e4 e5 2. Nf3 Nf6 3. Nxe5 Qe7 4. Nf3 Nxe4 5. Qe2 Nf6 6. d4 d5 7. Nc3 Nc6 8.
Bg5 Bf5 9. O-O-O Qxe2 10. Bxe2 O-O-O 11. Bxf6 gxf6 12. Nh4 Bh6+ 13. Kb1 Bg6 14.
a3 Ne7 15. Rhe1 Bg5 16. Nf3 Rhe8 17. Bb5 Nc6 18. Rxe8 Rxe8 19. Nxd5 Nxd4 20.
Nxd4 c6 21. Bxc6 bxc6 22. Nxc6 f5 23. Nxa7+ Kb7 24. Nb5 Re6 25. f4 Bf6 26. Nxf6
Rxf6 27. Rd6 Rxd6 28. Nxd6+ Kc6 29. Nc4 f6 1-0

[Event "Ann Arbor (HVA/3/16)"]
[Site "?"]
[Date "1991.??.??"]
[Round "?"]
[White "Houston, Ryan"]
[Black "Aldrich, Justin"]
[Result "1-0"]
[WhiteElo "1605"]
[BlackElo "1605"]
[PlyCount "59"]
[EventDate "1991.??.??"]

{3/(16)} 1. e4 e5 2. Nf3 Nc6 3. Bb5 Nf6 4. Bxc6 dxc6 5. Nc3 Bb4 6. O-O Bg4 7.
h3 Bxf3 8. Qxf3 Bxc3 9. Qxc3 Nxe4 10. Qxe5+ Qe7 11. Qxe7+ Kxe7 12. Re1 f5 13.
d3 Kf6 14. dxe4 fxe4 15. Rxe4 Rad8 16. Be3 Rd7 17. h4 Rhd8 18. Bg5+ Kf5 19.
Rf4+ Ke5 20. Re1+ Kd6 21. Bxd8 Rxd8 22. Rd1+ Ke7 23. Re4+ Kf7 24. Rxd8 c5 25.
Rd3 Kg6 26. Rf3 Kh5 27. Rg3 g6 28. Re5+ Kxh4 29. Reg5 a6 30. R3g4# 1-0

[Event "East Lansing (MOR/3)"]
[Site "?"]
[Date "1991.??.??"]
[Round "?"]
[White "Hill, M."]
[Black "Sundeen, David"]
[Result "0-1"]
[WhiteElo "1605"]
[BlackElo "1695"]
[PlyCount "80"]
[EventDate "1991.??.??"]

1. c4 Nf6 2. Nc3 e6 3. g3 Bb4 4. Bg2 O-O 5. e4 Nc6 6. Nge2 Ne5 7. d4 Nxc4 8. e5
Nd5 9. Qb3 Ncb6 10. O-O Bxc3 11. bxc3 d6 12. Ba3 Re8 13. c4 Ne7 14. Rad1 d5 15.
Bxe7 Rxe7 16. c5 Nc4 17. Nc3 Na5 18. Qc2 b6 19. c6 Ba6 20. Rfe1 Bc4 21. Qa4 Qe8
22. Rc1 Qxc6 23. Qxc6 Nxc6 24. Bf1 Bxf1 25. Kxf1 Nxd4 26. Ne2 Nxe2 27. Rxe2 c5
28. Rce1 Rd7 29. f4 Rc8 30. Kg2 b5 31. Rf2 d4 32. f5 c4 33. fxe6 fxe6 34. Rb1
a6 35. a4 d3 36. axb5 axb5 37. Rff1 c3 38. Rxb5 d2 39. Rfb1 c2 40. Rb8 c1=Q 0-1

[Event "East Lansing (MOR/1)"]
[Site "?"]
[Date "1991.??.??"]
[Round "?"]
[White "Hill, M."]
[Black "Stockman, David"]
[Result "0-1"]
[WhiteElo "1605"]
[BlackElo "1740"]
[PlyCount "44"]
[EventDate "1991.??.??"]

1. c4 b6 2. Nc3 Bb7 3. e4 e6 4. Nge2 Ne7 5. d4 d5 6. cxd5 exd5 7. e5 Ng6 8. a3
Be7 9. Ng3 Nc6 10. Be2 f6 11. f4 fxe5 12. fxe5 O-O 13. Bf3 Na5 14. O-O c6 15.
Nce2 c5 16. Nc3 cxd4 17. Qxd4 Bc5 18. Qxc5 bxc5 19. Be3 d4 20. Bxb7 Rxf1+ 21.
Rxf1 Nxb7 22. Rd1 Qe8 0-1

[Event "East Lansing (MOR/5)"]
[Site "?"]
[Date "1991.??.??"]
[Round "?"]
[White "Hill, M."]
[Black "DeVries, D."]
[Result "0-1"]
[WhiteElo "1605"]
[BlackElo "1605"]
[PlyCount "46"]
[EventDate "1991.??.??"]

1. c4 e5 2. Nc3 Nf6 3. d3 c6 4. Nf3 d6 5. g3 Be6 6. Ng5 Be7 7. Nxe6 fxe6 8. Bg2
d5 9. Qb3 Qc7 10. O-O O-O 11. Bd2 Bc5 12. cxd5 exd5 13. Rac1 Qb6 14. Qc2 Bxf2+
15. Rxf2 Ng4 16. Nd1 Rxf2 17. Ne3 Nxe3 18. Qc5 Qxc5 19. Rxc5 Rxg2+ 20. Kh1 Rxe2
21. Bxe3 Rxe3 22. Rc3 e4 23. Kg1 Rxd3 0-1

[Event "East Lansing (MOR/7)"]
[Site "?"]
[Date "1991.??.??"]
[Round "?"]
[White "Hill, M."]
[Black "Carpenter, O."]
[Result "1-0"]
[WhiteElo "1605"]
[BlackElo "1605"]
[PlyCount "53"]
[EventDate "1991.??.??"]

1. c4 Nf6 2. Nc3 d6 3. d4 g6 4. Nf3 Bg7 5. e4 O-O 6. d5 Bg4 7. Be2 Bxf3 8. Bxf3
c5 9. O-O Nbd7 10. Qc2 Ne5 11. Be2 a6 12. f4 Ned7 13. Bd2 Rb8 14. a4 b6 15. Rf3
e5 16. f5 Rb7 17. Raf1 Qe8 18. Rh3 h5 19. Qd1 Rc7 20. Kh1 Rb7 21. g4 hxg4 22.
Bxg4 Nxg4 23. Qxg4 Nf6 24. Qh4 Nh5 25. Rg1 Qd8 26. Bg5 f6 27. Bh6 1-0

[Event "East Lansing (MOR/4)"]
[Site "?"]
[Date "1991.??.??"]
[Round "?"]
[White "Hill, Brent"]
[Black "Schafer, Jurgen"]
[Result "1-0"]
[WhiteElo "1605"]
[BlackElo "1605"]
[PlyCount "105"]
[EventDate "1991.??.??"]

1. d4 Nf6 2. c4 e6 3. Nc3 Bb4 4. e3 Ne4 5. Bd2 Nxd2 6. Qxd2 c6 7. a3 Qa5 8. Rc1
Be7 9. Bd3 d5 10. cxd5 exd5 11. Nf3 O-O 12. O-O Nd7 13. Rfe1 Nf6 14. e4 dxe4
15. Nxe4 Qxd2 16. Nexd2 Bd6 17. b4 a5 18. Nc4 Bc7 19. b5 cxb5 20. Ncd2 Bd6 21.
Bxb5 Bxa3 22. Ra1 Bb4 23. Re3 Be6 24. Nc4 Nd5 25. Re2 Nc3 26. Re3 Nxb5 27. Nce5
Nd6 28. Ng5 Bd5 29. Nd7 Rfe8 30. Nb6 Rxe3 31. fxe3 Re8 32. Nxd5 Bd2 33. Kf2 Nc4
34. Rb1 Nxe3 35. Rb5 Nxd5 36. Rxd5 Bxg5 37. Rxg5 Ra8 38. d5 f6 39. Rg3 Rd8 40.
Rc3 a4 41. Rd3 Kf7 42. Ke3 b5 43. Kd4 Rc8 44. Re3 b4 45. d6 a3 46. Re7+ Kg6 47.
Ra7 Rd8 48. Kd5 Rb8 49. d7 Rd8 50. Ke6 Rxd7 51. Kxd7 Kf5 52. Kd6 Ke4 53. Kc5
1-0

[Event "East Lansing (MOR/2)"]
[Site "?"]
[Date "1991.??.??"]
[Round "?"]
[White "Hill, Brent"]
[Black "Puryear, Douglas"]
[Result "0-1"]
[WhiteElo "1605"]
[BlackElo "1605"]
[PlyCount "130"]
[EventDate "1991.??.??"]

1. d4 d5 2. e3 Nf6 3. c4 dxc4 4. Bxc4 Bf5 5. Nc3 e6 6. Nf3 Bb4 7. a3 Bxc3+ 8.
bxc3 O-O 9. O-O Be4 10. a4 Nd5 11. Bb2 Qf6 12. Nd2 Qg6 13. Nxe4 Qxe4 14. Bd3
Qh4 15. c4 Nf6 16. Qf3 Na6 17. Qg3 Qxg3 18. fxg3 Nb4 19. Ra3 b6 20. Rb3 Nxd3
21. Rxd3 Rfd8 22. Ba3 Rd7 23. c5 Rad8 24. c6 Rd5 25. Be7 Rb8 26. Bxf6 gxf6 27.
Rxf6 Ra5 28. Ra3 b5 29. Ra2 Rxa4 30. Rxa4 bxa4 31. Rf1 Rb3 32. e4 Kf8 33. Kf2
Rd3 34. Ke2 Rxd4 35. Ke3 Rc4 36. Ra1 a5 37. Kd3 Rb4 38. e5 Kg7 39. Rf1 a3 40.
Kc3 Rb6 41. Ra1 Rxc6+ 42. Kd4 Rc2 43. Rxa3 Rxg2 44. h4 Kg6 45. Ke4 Re2+ 46. Kf3
Rxe5 47. g4 f5 48. Kf4 Re4+ 49. Kf3 a4 50. Rc3 Rxg4 51. Rxc7 Rxh4 52. Kg3 Rb4
53. Rc6 Kf6 54. Rc7 a3 55. Rxh7 Rb3+ 56. Kf2 Rb2+ 57. Kg3 a2 58. Ra7 e5 59.
Ra6+ Kg5 60. Ra5 f4+ 61. Kf3 Kf5 62. Rc5 a1=Q 63. Rc2 Qd1+ 64. Kg2 Rxc2+ 65.
Kh3 Qh1# 0-1

[Event "East Lansing (MOR/6)"]
[Site "?"]
[Date "1991.??.??"]
[Round "?"]
[White "Hill, Brent"]
[Black "Nikitin, Mike"]
[Result "1/2-1/2"]
[WhiteElo "1605"]
[BlackElo "1630"]
[PlyCount "92"]
[EventDate "1991.??.??"]

1. d4 Nf6 2. c4 g6 3. Nc3 d5 4. cxd5 Nxd5 5. e4 Nxc3 6. bxc3 c5 7. Be3 Bg7 8.
Bc4 Qa5 9. Ne2 Nc6 10. O-O O-O 11. Rb1 a6 12. Rc1 cxd4 13. cxd4 e6 14. Qb3 b5
15. Bxb5 Qxb5 16. Qxb5 axb5 17. Rxc6 Ba6 18. Rc2 Rfd8 19. e5 Bf8 20. Rd1 b4 21.
h4 Rdc8 22. Rxc8 Rxc8 23. Rc1 Rc4 24. g4 Be7 25. g5 Kf8 26. Rxc4 Bxc4 27. Nc1
Ke8 28. f4 Kd7 29. Nb3 Kc6 30. Na5+ Kd5 31. Nb3 Bxb3 32. axb3 Ke4 33. Kf2 Kd3
34. Kf3 Kc2 35. Ke2 Kxb3 36. Kd3 Kb2 37. Bd2 b3 38. Bc3+ Kc1 39. Bd2+ Kb2 40.
Bc3+ Ka2 41. Kc4 b2 42. Bxb2 Kxb2 43. d5 exd5+ 44. Kxd5 Bb4 45. e6 fxe6+ 46.
Kxe6 Be1 1/2-1/2

[Event "Detroit (HPO/2/19)"]
[Site "?"]
[Date "1991.??.??"]
[Round "?"]
[White "Hendricks, Marcus"]
[Black "Puryear, Douglas"]
[Result "1-0"]
[WhiteElo "1990"]
[BlackElo "1605"]
[PlyCount "71"]
[EventDate "1991.??.??"]

{2/(19)} 1. d4 d5 2. c4 e6 3. Nc3 Nf6 4. Bg5 c6 5. e3 Bb4 6. Qc2 Nbd7 7. Nf3
Qa5 8. Nd2 Bxc3 9. Qxc3 Qxc3 10. bxc3 h6 11. Bf4 O-O 12. c5 b6 13. cxb6 axb6
14. Bd3 Ne8 15. O-O Ra3 16. Rfc1 c5 17. Bb5 f6 18. c4 Rd3 19. Nf3 cxd4 20. cxd5
dxe3 21. Bxd3 exf2+ 22. Kxf2 Nc5 23. Bc4 Kh8 24. dxe6 Bxe6 25. Bb5 g5 26. Be3
Ne4+ 27. Kg1 N8d6 28. Bd3 b5 29. Rc7 Ra8 30. Bxe4 Nxe4 31. Re7 Bd5 32. Bd4 b4
33. Rc1 Kg8 34. Rcc7 Nc3 35. Rg7+ Kf8 36. Bc5+ 1-0

[Event "Detroit (HPO/4/4)"]
[Site "?"]
[Date "1991.??.??"]
[Round "?"]
[White "Hendricks, Marcus"]
[Black "Brooks, John"]
[Result "1-0"]
[WhiteElo "1990"]
[BlackElo "2225"]
[PlyCount "55"]
[EventDate "1991.??.??"]

{4/(4)} 1. d4 Nf6 2. Nf3 e6 3. c4 b6 4. g3 Bb4+ 5. Bd2 Be7 6. Nc3 Bb7 7. Bg2 c5
8. O-O cxd4 9. Nb5 Bxf3 10. Bxf3 Nc6 11. Bf4 e5 12. Bxe5 Nxe5 13. Bxa8 a6 14.
Qxd4 axb5 15. Qxe5 Qxa8 16. cxb5 Qd8 17. Rac1 O-O 18. Rc2 Re8 19. Rfc1 Bc5 20.
Qf5 g6 21. Qd3 d6 22. a3 Ne4 23. e3 d5 24. b4 Bf8 25. Rc6 Re6 26. Rc8 Qf6 27.
R1c2 Qf5 28. Qd4 1-0

[Event "East Lansing (MOR/1)"]
[Site "?"]
[Date "1991.??.??"]
[Round "?"]
[White "Helzer, J."]
[Black "Vandenburg, V.E."]
[Result "0-1"]
[WhiteElo "1605"]
[BlackElo "1605"]
[PlyCount "68"]
[EventDate "1991.??.??"]

1. d4 e6 2. e3 a6 3. Bd3 b5 4. c3 Bb7 5. f4 Bxg2 6. Nf3 Bxh1 7. Bd2 Bxf3 8.
Qxf3 d5 9. Na3 Qh4+ 10. Kd1 Bxa3 11. bxa3 Qe7 12. Bc1 Nf6 13. Bb2 O-O 14. Kd2
Nbd7 15. Rg1 Ne4+ 16. Bxe4 dxe4 17. Qxe4 f5 18. Qc6 Nf6 19. a4 b4 20. Kc2 Rfe8
21. Qg2 g6 22. Qg5 Nd5 23. Qh6 Nxe3+ 24. Kd3 Ng4 25. Qh3 Nf2+ 26. Kc4 Nxh3 27.
Rg3 bxc3 28. Bxc3 Nf2 29. Bb4 Qh4 30. Kb3 Qxf4 31. Rc3 Qxh2 32. Rc5 Nd3 33. Rc2
Qxc2+ 34. Kxc2 Nxb4+ 0-1

[Event "East Lansing (MOR/7)"]
[Site "?"]
[Date "1991.??.??"]
[Round "?"]
[White "Helzer, J."]
[Black "Houston, Ryan"]
[Result "0-1"]
[WhiteElo "1605"]
[BlackElo "1605"]
[PlyCount "162"]
[EventDate "1991.??.??"]

1. d4 d5 2. e3 Nf6 3. Bd3 g6 4. c3 Bg7 5. f4 O-O 6. Nf3 Nc6 7. O-O Bg4 8. Nbd2
Qd6 9. h3 Bxf3 10. Nxf3 a6 11. Ne5 b5 12. Qf3 Nd7 13. b3 Nb6 14. Nxc6 Qxc6 15.
c4 bxc4 16. bxc4 Nxc4 17. Bxc4 Qxc4 18. Ba3 Rfe8 19. Rfc1 Qa4 20. Bc5 c6 21. f5
Bf6 22. fxg6 fxg6 23. a3 Rf8 24. Rf1 Bxd4 25. exd4 Rxf3 26. Rxf3 Re8 27. Raf1
Qa5 28. Rf7 Qd8 29. R7f3 Qc7 30. Rb1 e5 31. Re1 e4 32. Rfe3 a5 33. Rf1 a4 34.
Rb1 Rb8 35. Rxb8+ Qxb8 36. Kf2 h5 37. Ke2 Qb2+ 38. Kd1 Qxg2 39. Kc1 g5 40. Bb4
g4 41. hxg4 Qxg4 42. Kc2 h4 43. Kc3 h3 44. Bd6 Qg1 45. Re2 Qc1+ 46. Rc2 Qe3+
47. Kb2 Qxd4+ 48. Ka2 Qd3 49. Rxc6 Qd2+ 50. Kb1 h2 51. Bxh2 Qxh2 52. Ra6 Qg1+
53. Kc2 Qf2+ 54. Kc3 Qe3+ 55. Kb4 Qd4+ 56. Ka5 e3 57. Rg6+ Kf7 58. Rg2 Qd2+ 59.
Rxd2 exd2 60. Kxa4 d1=Q+ 61. Ka5 Qg4 62. a4 d4 63. Ka6 d3 64. a5 d2 65. Ka7 Qa4
66. a6 Qxa6+ 67. Kxa6 d1=R 68. Kb6 Rc1 69. Kb5 Ke6 70. Kb4 Kd5 71. Kb3 Kd4 72.
Kb2 Rc8 73. Kb3 Rc7 74. Kb2 Kd3 75. Kb3 Rb7+ 76. Ka4 Kc4 77. Ka5 Rb1 78. Ka6
Kc5 79. Ka7 Kc6 80. Ka8 Kc7 81. Ka7 Ra1# 0-1

[Event "East Lansing (MOR/4)"]
[Site "?"]
[Date "1991.??.??"]
[Round "?"]
[White "Helzer, J."]
[Black "Cooper, Willie"]
[Result "0-1"]
[WhiteElo "1605"]
[BlackElo "1605"]
[PlyCount "104"]
[EventDate "1991.??.??"]

1. d4 d5 2. e3 a6 3. Bd3 Nf6 4. Nd2 e6 5. f4 c5 6. c3 c4 7. Bc2 Be7 8. Ngf3 O-O
9. Ne5 Qc7 10. O-O Nc6 11. h3 b5 12. Ndf3 Ne4 13. Bxe4 dxe4 14. Nd2 Nxe5 15.
fxe5 Qc6 16. Qc2 Bb7 17. Rf4 Bg5 18. Qxe4 Qxe4 19. Rxe4 h6 20. Rg4 Bxe3+ 21.
Kh1 f6 22. Nf1 Bxc1 23. Rxc1 fxe5 24. dxe5 Rf2 25. Ne3 Rd8 26. Rg1 Rd3 27. Re1
Rxb2 28. Kg1 Rxa2 29. Rg6 Kf7 30. Rg3 Rxc3 31. Rf1+ Kg8 32. Re1 b4 33. Rb1 a5
34. Rd1 Bd5 35. h4 Rxe3 36. Rxe3 Rxg2+ 37. Kf1 c3 38. Rxd5 exd5 39. Kxg2 c2 40.
Re1 b3 41. e6 Kf8 42. e7+ Ke8 43. h5 b2 44. Kf1 c1=Q 45. Rxc1 bxc1=Q+ 46. Kg2
Qf4 47. Kh1 d4 48. Kg2 d3 49. Kh1 Qf3+ 50. Kh2 d2 51. Kg1 d1=Q+ 52. Kh2 Qdh1#
0-1